000 00417pam a2200157a 44500
008 230405s1994 xxu||||| |||| 00| 0 eng d
041 _aENG
100 _aJ J MODAR , C R PHILLIPS
245 _aPROJECT MANAGEMENT WITH C P M PERT AND PRECEDENCE DIAGRAMMING
250 _a1994
260 _aNULL
_bCBS PUB.& DISRIBUTERS -
_c1994
300 _a389
650 _aPROJECT MANAGEMENT
690 _aMBA
906 _a129
999 _c280940
_d280940